000 00922nam a2200253Ia 4500
003 OSt
005 20220923215430.0
006 a|||||r|||| 00| 0
007 ta
008 220922b |||||||| |||| 00| 0 hin d
024 _a178,687
037 _cTextual
040 _aARTS
_cARTS
_bhin
041 _2hin
_ahin
082 _aO152,1M88:g, L9
100 _aशर्मा, कृष्णदेव
245 0 _aमाखनलाल चतुर्वेदी
_b व्यक्तित्व एवम् कृतित्व
246 _aMākhanalāl chaturvedī: vyaktitva evam kṛutitva
260 _aआगरा
_b विनोद पुस्तक मन्दिर
_c1979
300 _a551 पृ.
_ccm.
650 _aहिन्दी साहित्य
_9156264
942 _hO152,1M88:g, L9
_cTEXL
_2CC
999 _c332068
_d332068